000 00522nam a22001697a 4500
003 OSt
005 20250716110901.0
008 250716b |||||||| |||| 00| 0 eng d
040 _cAIMIT LIBRARY
100 _aS, Saanidhya.
_e222010
_9218921
245 _aDatabase table similarity detection /
_cBy Saanidhya S.
260 _aMangalore ;
_c2024.
700 _aKumar B, Rakesh.
_eMentor
_9218922
700 _aLobo, Lanwin.
_eGuide
_9218923
856 _3MResult Technologies, Mangalore.
_uwww.mresult.com
942 _2ddc
_cPRO
999 _c234635
_d234635